000 00781nam a22001697a 4500
003 NUST
005 20221107124744.0
020 _c9781472139955
082 _a153.8,DWE
100 _aS. Dweck, Carol
_9102411
245 _aMindset :
_bcahnging the way you think to fulfil your potential /
_cCarol S. Dweck
260 _aRandom House Publishing
_bLondon
_c2017
300 _a301 p
505 _aThe mindsets (Page-3), Inside the mindsets (Page-15), The truth about ability and accomplishment (Page-55), Sports the mindset of a champion (Page-82), Business mindset and leadership (Page-108), Relationship mindset in love (Page-147), Parents, teachers and coaches where do mindset come from (Page-176), Changing mindset (Page-223),
610 _aMindset
_9102412
942 _2ddc
_cBK
999 _c591446
_d591446